Statistics for Complete HDI Quiz

Click here to take the quiz!

General Stats

  • This quiz has been taken 77 times
  • The average score is 68 of 189

Answer Stats

RankHDIContinentAnswer% Correct
30.939AustraliaAustralia
100%
10.953EuropeNorway
96%
20.944EuropeSwitzerland
96%
40.938EuropeIreland
89%
120.926North AmericaCanada
86%
50.936EuropeGermany
86%
130.924North AmericaUnited States
86%
60.935EuropeIceland
82%
100.931EuropeNetherlands
82%
160.917AustraliaNew Zealand
82%
90.932AsiaSingapore
82%
70.933EuropeSweden
82%
200.908EuropeAustria
79%
170.916EuropeBelgium
79%
110.929EuropeDenmark
79%
240.901EuropeFrance
79%
190.909AsiaJapan
79%
260.891EuropeSpain
79%
150.920EuropeFinland
75%
220.903AsiaIsrael
75%
170.916EuropeLiechtenstein
75%
210.904EuropeLuxembourg
75%
220.903AsiaSouth Korea
75%
140.922EuropeUnited Kingdom
75%
470.825South AmericaArgentina
71%
270.888EuropeCzech Republic
71%
280.880EuropeItaly
71%
250.896EuropeSlovenia
71%
550.804South AmericaUruguay
71%
440.843South AmericaChile
68%
370.856AsiaQatar
68%
390.853AsiaSaudi Arabia
68%
340.863AsiaUnited Arab Emirates
68%
410.847EuropePortugal
64%
540.807North AmericaBahamas
61%
310.870EuropeGreece
61%
290.878EuropeMalta
61%
430.846AsiaBahrain
57%
390.853AsiaBrunei
57%
460.831EuropeCroatia
57%
300.871EuropeEstonia
57%
330.865EuropePoland
57%
320.869AsiaCyprus
54%
70.933AsiaHong Kong
54%
560.803AsiaKuwait
54%
480.821AsiaOman
54%
380.855EuropeSlovakia
54%
350.858EuropeAndorra
50%
530.808EuropeBelarus
50%
510.813EuropeBulgaria
50%
450.838EuropeHungary
50%
410.847EuropeLatvia
50%
350.858EuropeLithuania
50%
570.802AsiaMalaysia
50%
500.814EuropeMontenegro
50%
520.811EuropeRomania
50%
680.785EuropeAlbania
46%
600.798AustraliaPalau
46%
490.816EuropeRussia
46%
670.787EuropeSerbia
46%
880.751EuropeUkraine
46%
580.800North AmericaBarbados
43%
790.759South AmericaBrazil
43%
630.794North AmericaCosta Rica
43%
600.798AsiaIran
43%
800.757EuropeNorth Macedonia
43%
690.784North AmericaTrinidad and Tobago
43%
640.791AsiaTurkey
43%
700.780North AmericaAntigua and Barbuda
39%
900.747South AmericaColombia
39%
730.777North AmericaCuba
39%
860.752South AmericaEcuador
39%
750.772North AmericaGrenada
39%
580.800AsiaKazakhstan
39%
1120.700EuropeMoldova
39%
660.789North AmericaPanama
39%
890.750South AmericaPeru
39%
830.755AsiaThailand
39%
780.761South AmericaVenezuela
39%
850.754AfricaAlgeria
36%
770.768EuropeBosnia and Herzegovina
36%
860.752AsiaChina
36%
700.780AsiaGeorgia
36%
650.790AfricaMauritius
36%
740.774North AmericaMexico
36%
1100.702South AmericaParaguay
36%
720.778North AmericaSaint Kitts and Nevis
36%
620.797AfricaSeychelles
36%
1000.720South AmericaSuriname
36%
830.755AsiaArmenia
32%
800.757AsiaAzerbaijan
32%
1180.693South AmericaBolivia
32%
1030.715North AmericafDominica
32%
940.736North AmericaDominican Republic
32%
950.735AsiaJordan
32%
950.735AfricaTunisia
32%
1060.708North AmericaBelize
29%
920.741AustraliaFiji
29%
1250.654South AmericaGuyana
29%
1680.498South AmericaHaiti
29%
970.732North AmericaJamaica
29%
800.757AsiaLebanon
29%
1080.706AfricaLibya
29%
920.741AsiaMongolia
29%
900.747North AmericaSaint Lucia
29%
760.770AsiaSri Lanka
29%
1010.717AfricaBotswana
25%
1210.674North AmericaEl Salvador
25%
1330.617North AmericaHonduras
25%
1010.717AsiaMaldives
25%
990.723North AmericaSaint Vincent and the Grenadines
25%
980.726AustraliaTonga
25%
1150.696AfricaEgypt
21%
1100.702AfricaGabon
21%
1270.650North AmericaGuatemala
21%
1160.694AsiaIndonesia
21%
1060.708AustraliaMarshall Islands
21%
1240.658North AmericaNicaragua
21%
1890.354AfricaNiger
21%
1130.699AsiaPhilippines
21%
1040.713AustraliaSamoa
21%
1520.546AustraliaSolomon Islands
21%
1130.699AfricaSouth Africa
21%
1080.706AsiaTurkmenistan
21%
1050.710AsiaUzbekistan
21%
1380.603AustraliaVanuatu
21%
1160.694AsiaVietnam
21%
1780.452AsiaYemen
21%
1340.612AsiaBhutan
18%
1250.654AfricaCape Verde
18%
1880.367AfricaCentral African Republic
18%
1860.404AfricaChad
18%
1320.625AsiaEast Timor
18%
1310.627AustraliaFed. States of Micronesia
18%
1300.640AsiaIndia
18%
1200.685AsiaIraq
18%
1340.612AustraliaKiribati
18%
1230.667AfricaMorocco
18%
1290.647AfricaNamibia
18%
1530.544AustraliaPapua New Guinea
18%
1870.388AfricaSouth Sudan
18%
1680.498AsiaAfghanistan
14%
1360.608AsiaBangladesh
14%
1760.457AfricaDemocratic Republic of the Congo
14%
1220.672AsiaKyrgyzstan
14%
1390.601AsiaLaos
14%
1500.562AsiaPakistan
14%
1270.650AsiaTajikistan
14%
1830.423AfricaBurkina Faso
11%
1850.417AfricaBurundi
11%
1400.592AfricaGhana
11%
1810.435AfricaLiberia
11%
1490.574AsiaNepal
11%
1190.686AsiaPalestine
11%
1370.606AfricaRepublic of the Congo
11%
1840.419AfricaSierra Leone
11%
1550.536AsiaSyria
11%
1470.581AfricaAngola
7%
1410.591AfricaEquatorial Guinea
7%
1790.440AfricaEritrea
7%
1730.463AfricaEthiopia
7%
1420.590AfricaKenya
7%
1590.520AfricaLesotho
7%
1710.477AfricaMalawi
7%
1820.427AfricaMali
7%
1480.578AsiaMyanmar
7%
1570.532AfricaNigeria
7%
1670.502AfricaSudan
7%
1650.503AfricaTogo
7%
1440.588AfricaZambia
7%
1460.582AfricaCambodia
4%
1650.503AfricaComoros
4%
1740.460AfricaGambia
4%
1750.459AfricaGuinea
4%
1770.455AfricaGuinea-Bissau
4%
1700.492AfricaIvory Coast
4%
1610.519AfricaMadagascar
4%
1590.520AfricaMauritania
4%
1800.437AfricaMozambique
4%
1580.524AfricaRwanda
4%
1430.589AfricaSao Tome
4%
1640.505AfricaSenegal
4%
1440.588AfricaSwaziland
4%
1540.538AfricaTanzania
4%
1620.516AfricaUganda
4%
1560.535AfricaZimbabwe
4%
1630.515AfricaBenin
0%
1510.556AfricaCameroon
0%
1720.476AfricaDjibouti
0%

Score Distribution

Percentile by Number Answered

Percent of People with Each Score

Your Score History

You have not taken this quiz